The complete reference Java 2
Kaydedildi:
| Yazar: | |
|---|---|
| Materyal Türü: | Kitap |
| Dil: | Undetermined |
| Baskı/Yayın Bilgisi: |
Berkeley, California
McGraw-Hill
2001
|
| Konular: | |
| Etiketler: |
Etiketle
Etiket eklenmemiş, İlk siz ekleyin!
|
| Thư viện lưu trữ: | Trung tâm Học liệu Trường Đại học Cần Thơ |
|---|
| LEADER | 00694nam a2200217Ia 4500 | ||
|---|---|---|---|
| 001 | CTU_42423 | ||
| 008 | 210402s9999 xx 000 0 und d | ||
| 020 | |b 533.000đ | ||
| 082 | |a 005.2 | ||
| 082 | |b S334 | ||
| 100 | |a Herbert Schildt | ||
| 245 | 4 | |a The complete reference Java 2 | |
| 245 | 0 | |c Herbert Schildt | |
| 260 | |a Berkeley, California | ||
| 260 | |b McGraw-Hill | ||
| 260 | |c 2001 | ||
| 526 | |a Lập trình hướng đối tượng | ||
| 526 | |b CT176 | ||
| 650 | |a internet ( computer network),java ( computer program language ),world wide web information ( retrieval systems ) | ||
| 904 | |i Minh, 010724 | ||
| 980 | |a Trung tâm Học liệu Trường Đại học Cần Thơ | ||